000 00480nam a2200133Ia 4500
008 191206s9999 xx 000 0 und d
090 _aPN1997
245 0 _aLost world
250 _a[Re-edited version].
260 _aKodascope Libraries
260 _cc[193-]
300 _a"1 videocasette of 1 (Beta) (71 min.) : sd., b&w ;"
999 _c16369
_d16369